| 000 | 00759cam a2200229 4500 | ||
|---|---|---|---|
| 001 | 5520 | ||
| 005 | 20181127175707.0 | ||
| 007 | ta | ||
| 010 | _a 2013413512 | ||
| 020 | _a9789381626351 | ||
| 100 | 1 |
_aDatta-Ray, Sunanda K., _d1937- _e |
|
| 245 | 1 | 0 |
_aSmash & grab : _bannexation of Sikkim / _cSunanda K. Datta-Ray. |
| 246 | 3 | _aSmash and grab | |
| 250 | _aRevised edition. | ||
| 264 | 1 |
_aChennai : _bTranquebar Press, _c2013. |
|
| 300 |
_aliv, 433 pages, 16 pages of plates : _billustrations (chiefly color) ; _c21 cm |
||
| 336 |
_atext _btxt _2rdacontent |
||
| 337 |
_aunmediated _bn _2rdamedia |
||
| 338 |
_avolume _bnc _2rdacarrier |
||
| 504 | _aIncludes bibliographical references and index. | ||
| 651 | 0 |
_aSikkim (India) _xPolitics and government _y20th century. |
|
| 999 |
_c4646 _d4646 |
||